[Event "Stay Safe Play From Home 392"]
[Site "Emanuel Lasker Arena"]
[Date "2020.08.18"]
[Round "1"]
[White "NTBT_DHS"]
[Black "AChessPlayer"]
[Result "1-0"]
[WhiteElo "2522"]
[BlackElo "2377"]
[PlyCount "77"]
[EventDate "2020.08.18"]
[EventType "swiss (blitz)"]

1. e4 {[%emt 0:00:05]} c6 {[%emt 0:00:01]} 2. Nf3 {[%emt 0:00:00]} d5 {[%emt 0:00:00]} 3. e5 {[%emt 0:00:00]} Bg4 {[%emt 0:00:01]} 4. d4 {[%emt 0:00:00]} e6 {[%emt 0:00:01]} 5. c3 {[%emt 0:00:00]} c5 {[%emt 0:00:01]} 6. Bb5+ {[%emt 0:00:01]} Nc6 {[%emt 0:00:01]} 7. h3 {[%emt 0:00:00]} Bxf3 {[%emt 0:00:01]} 8. Qxf3 {[%emt 0:00:00]} cxd4 {[%emt 0:00:01]} 9. cxd4 {[%emt 0:00:01]} Nge7 {[%emt 0:00:02]} 10. Nc3 {[%emt 0:00:01]} a6 {[%emt 0:00:00]} 11. Bxc6+ {[%emt 0:00:01]} Nxc6 {[%emt 0:00:00]} 12. Be3 {[%emt 0:00:01]} Bb4 {[%emt 0:00:02]} 13. Qg3 {[%emt 0:00:01]} O-O {[%emt 0:00:03]} 14. Bh6 {[%emt 0:00:01]} g6 {[%emt 0:00:00]} 15. Bxf8 {[%emt 0:00:01]} Qxf8 {[%emt 0:00:00]} 16. Rd1 {[%emt 0:00:01]} Na5 {[%emt 0:00:04]} 17. O-O {[%emt 0:00:01]} Nc4 {[%emt 0:00:00]} 18. b3 {[%emt 0:00:00]} Na3 {[%emt 0:00:01]} 19. Rc1 {[%emt 0:00:03]} Qh6 {[%emt 0:00:01]} 20. f4 {[%emt 0:00:02]} Qh5 {[%emt 0:00:01]} 21. Qf3 {[%emt 0:00:03]} Qh4 {[%emt 0:00:02]} 22. Kh2 {[%emt 0:00:02]} h5 {[%emt 0:00:02]} 23. Na4 {[%emt 0:00:01]} Qe7 {[%emt 0:00:02]} 24. Nb6 {[%emt 0:00:01]} Rd8 {[%emt 0:00:01]} 25. f5 {[%emt 0:00:04]} exf5 {[%emt 0:00:05]} 26. Nxd5 {[%emt 0:00:01]} Qf8 {[%emt 0:00:01]} 27. Rc7 {[%emt 0:00:03]} Nb5 {[%emt 0:00:03]} 28. Nf6+ {[%emt 0:00:03]} Kg7 {[%emt 0:00:01]} 29. Rxb7 {[%emt 0:00:02]} Nxd4 {[%emt 0:00:01]} 30. Qg3 {[%emt 0:00:00]} Be7 {[%emt 0:00:06]} 31. Nxh5+ {[%emt 0:00:01]} Kg8 {[%emt 0:00:00]} 32. Nf6+ {[%emt 0:00:01]} Bxf6 {[%emt 0:00:01]} 33. exf6 {[%emt 0:00:00]} Ne6 {[%emt 0:00:00]} 34. Re1 {[%emt 0:00:01]} f4 {[%emt 0:00:01]} 35. Qg4 {[%emt 0:00:02]} Nc5 {[%emt 0:00:01]} 36. Rbe7 {[%emt 0:00:02]} Ne6 {[%emt 0:00:01]} 37. R1xe6 {[%emt 0:00:01]} fxe6 {[%emt 0:00:00]} 38. Qxg6+ {[%emt 0:00:01]} Kh8 {[%emt 0:00:00]} 39. Rh7# {[%emt 0:00:01] (Lag: Av=1.20s, max=5.6s) (Lag: Av=1.20s, max=5.6s) (Lag: Av=1.20s, max=5.6s)} 1-0

[Event "Stay Safe Play From Home 392"]
[Site "Emanuel Lasker Arena"]
[Date "2020.08.18"]
[Round "1"]
[White "Tran Minh Thang"]
[Black "Fat Kevin"]
[Result "1-0"]
[WhiteElo "2453"]
[BlackElo "1935"]
[PlyCount "55"]
[EventDate "2020.08.18"]
[EventType "swiss (blitz)"]

1. d4 {[%emt 0:00:01]} c5 {[%emt 0:00:00]} 2. d5 {[%emt 0:00:01]} Nf6 {[%emt 0:00:00]} 3. Nc3 {[%emt 0:00:00]} d6 {[%emt 0:00:01]} 4. e4 {[%emt 0:00:00]} g6 {[%emt 0:00:00]} 5. f4 {[%emt 0:00:00]} Bg7 {[%emt 0:00:01]} 6. Nf3 {[%emt 0:00:00]} O-O {[%emt 0:00:00]} 7. Be2 {[%emt 0:00:00]} Re8 {[%emt 0:00:01]} 8. O-O {[%emt 0:00:01]} Nbd7 {[%emt 0:00:02]} 9. a4 {[%emt 0:00:01]} e5 {[%emt 0:00:02]} 10. fxe5 {[%emt 0:00:02]} Nxe5 {[%emt 0:00:01]} 11. Bf4 {[%emt 0:00:03]} Bd7 {[%emt 0:00:09]} 12. Nxe5 {[%emt 0:00:02]} dxe5 {[%emt 0:00:00]} 13. Be3 {[%emt 0:00:00]} b6 {[%emt 0:00:02]} 14. Qd2 {[%emt 0:00:01]} a6 {[%emt 0:00:01]} 15. Bh6 {[%emt 0:00:01]} Qe7 {[%emt 0:00:05]} 16. Rf2 {[%emt 0:00:03]} Qd6 {[%emt 0:00:02]} 17. Raf1 {[%emt 0:00:01]} Bh8 {[%emt 0:00:03]} 18. Bg5 {[%emt 0:00:01]} Nh5 {[%emt 0:00:07]} 19. Bxh5 {[%emt 0:00:01]} gxh5 {[%emt 0:00:00]} 20. Rxf7 {[%emt 0:00:00]} Rf8 {[%emt 0:00:01]} 21. Be7 {[%emt 0:00:02]} Rxf7 {[%emt 0:00:03]} 22. Bxd6 {[%emt 0:00:01]} Bf6 {[%emt 0:00:03]} 23. Rxf6 {[%emt 0:00:02]} Rxf6 {[%emt 0:00:01]} 24. Bxe5 {[%emt 0:00:01]} Rf7 {[%emt 0:00:01]} 25. Qg5+ {[%emt 0:00:01]} Kf8 {[%emt 0:00:01]} 26. Bd6+ {[%emt 0:00:00]} Ke8 {[%emt 0:00:02]} 27. Qg8+ {[%emt 0:00:00]} Rf8 {[%emt 0:00:01]} 28. Qxf8# {[%emt 0:00:00] (Lag: Av=0.72s, max=1.4s) (Lag: Av=0.72s, max=1.4s) (Lag: Av=0.72s, max=1.4s)} 1-0

[Event "Stay Safe Play From Home 392"]
[Site "Emanuel Lasker Arena"]
[Date "2020.08.18"]
[Round "1"]
[White "Lamborghini"]
[Black "Trotsky"]
[Result "1-0"]
[WhiteElo "2353"]
[BlackElo "1610"]
[PlyCount "41"]
[EventDate "2020.08.18"]
[EventType "swiss (blitz)"]

1. e4 {[%emt 0:00:02]} c5 {[%emt 0:00:01]} 2. Nf3 {[%emt 0:00:02]} e6 {[%emt 0:00:01]} 3. d4 {[%emt 0:00:01]} d5 {[%emt 0:00:01]} 4. exd5 {[%emt 0:00:02]} exd5 {[%emt 0:00:01]} 5. Bb5+ {[%emt 0:00:01]} Nc6 {[%emt 0:00:01]} 6. O-O {[%emt 0:00:01]} Be6 {[%emt 0:00:01]} 7. Re1 {[%emt 0:00:08]} Qc7 {[%emt 0:00:01]} 8. c4 {[%emt 0:00:01]} O-O-O {[%emt 0:00:02]} 9. Bxc6 {[%emt 0:00:06]} bxc6 {[%emt 0:00:01]} 10. cxd5 {[%emt 0:00:02]} cxd5 {[%emt 0:00:01]} 11. dxc5 {[%emt 0:00:02]} Bxc5 {[%emt 0:00:01]} 12. Nd4 {[%emt 0:00:01]} Bd7 {[%emt 0:00:06]} 13. Be3 {[%emt 0:00:01]} Bd6 {[%emt 0:00:01]} 14. h3 {[%emt 0:00:02]} h5 {[%emt 0:00:01]} 15. Nc3 {[%emt 0:00:01]} Nh6 {[%emt 0:00:02]} 16. Ndb5 {[%emt 0:00:01]} Qb8 {[%emt 0:00:02]} 17. Nxd6+ {[%emt 0:00:01]} Qxd6 {[%emt 0:00:01]} 18. Qd2 {[%emt 0:00:03]} Ng4 {[%emt 0:00:01]} 19. Bf4 {[%emt 0:00:01]} Qc5 {[%emt 0:00:11]} 20. Rac1 {[%emt 0:00:02]} Qb6 {[%emt 0:00:02]} 21. Nxd5+ {[%emt 0:00:01] Trotsky Ñäàåòñÿ Trotsky Ñäàåòñÿ Trotsky Ñäàåòñÿ (Lag: Av=0.25s, max=0.3s) (Lag: Av=0.25s, max=0.3s) (Lag: Av=0.25s, max=0.3s)} 1-0

[Event "Stay Safe Play From Home 392"]
[Site "Emanuel Lasker Arena"]
[Date "2020.08.18"]
[Round "1"]
[White "Lazieri3"]
[Black "Padmaesh M K"]
[Result "1-0"]
[WhiteElo "2096"]
[BlackElo "1955"]
[PlyCount "93"]
[EventDate "2020.08.18"]
[EventType "swiss (blitz)"]

1. e4 {[%emt 0:00:03]} e6 {[%emt 0:00:01]} 2. e5 {[%emt 0:00:01]} d5 {[%emt 0:00:00]} 3. exd6 {[%emt 0:00:00]} Bxd6 {[%emt 0:00:02]} 4. d4 {[%emt 0:00:00]} Nc6 {[%emt 0:00:00]} 5. c3 {[%emt 0:00:00]} Nf6 {[%emt 0:00:01]} 6. Nf3 {[%emt 0:00:00]} O-O {[%emt 0:00:01]} 7. Bd3 {[%emt 0:00:00]} e5 {[%emt 0:00:01]} 8. O-O {[%emt 0:00:01]} e4 {[%emt 0:00:02]} 9. d5 {[%emt 0:00:01]} Ne7 {[%emt 0:00:05]} 10. Bxe4 {[%emt 0:00:04]} Nxe4 {[%emt 0:00:01]} 11. Re1 {[%emt 0:00:00]} Nf6 {[%emt 0:00:03]} 12. c4 {[%emt 0:00:01]} Ng6 {[%emt 0:00:02]} 13. h3 {[%emt 0:00:01]} Bc5 {[%emt 0:00:02]} 14. Nc3 {[%emt 0:00:01]} Re8 {[%emt 0:00:02]} 15. Bg5 {[%emt 0:00:01]} Rxe1+ {[%emt 0:00:03]} 16. Qxe1 {[%emt 0:00:00]} Bf5 {[%emt 0:00:02]} 17. Rd1 {[%emt 0:00:03]} h6 {[%emt 0:00:01]} 18. Be3 {[%emt 0:00:05]} Bxe3 {[%emt 0:00:04]} 19. Qxe3 {[%emt 0:00:00]} Qe8 {[%emt 0:00:01]} 20. Qc5 {[%emt 0:00:02]} Qd7 {[%emt 0:00:02]} 21. d6 {[%emt 0:00:01]} c6 {[%emt 0:00:02]} 22. b4 {[%emt 0:00:05]} Ne4 {[%emt 0:00:01]} 23. Nxe4 {[%emt 0:00:03]} Bxe4 {[%emt 0:00:00]} 24. Nd4 {[%emt 0:00:02]} Rd8 {[%emt 0:00:02]} 25. Nb3 {[%emt 0:00:01]} Qf5 {[%emt 0:00:02]} 26. Qxa7 {[%emt 0:00:02]} Qg5 {[%emt 0:00:02]} 27. f3 {[%emt 0:00:09]} Bxf3 {[%emt 0:00:01]} 28. Rd2 {[%emt 0:00:01]} Rxd6 {[%emt 0:00:04]} 29. Qf2 {[%emt 0:00:00]} Rxd2 {[%emt 0:00:02]} 30. Nxd2 {[%emt 0:00:01]} Bxg2 {[%emt 0:00:02]} 31. Qxg2 {[%emt 0:00:01]} Qxg2+ {[%emt 0:00:00]} 32. Kxg2 {[%emt 0:00:00]} Nf4+ {[%emt 0:00:00]} 33. Kf3 {[%emt 0:00:02]} Nd3 {[%emt 0:00:00]} 34. b5 {[%emt 0:00:01]} Nb4 {[%emt 0:00:01]} 35. bxc6 {[%emt 0:00:01]} bxc6 {[%emt 0:00:00]} 36. Nb3 {[%emt 0:00:00]} Nxa2 {[%emt 0:00:01]} 37. Nd4 {[%emt 0:00:00]} Nc3 {[%emt 0:00:00]} 38. Nxc6 {[%emt 0:00:01]} Na4 {[%emt 0:00:00]} 39. Ne5 {[%emt 0:00:00]} Nc5 {[%emt 0:00:00]} 40. Ke3 {[%emt 0:00:01]} Ne6 {[%emt 0:00:00]} 41. c5 {[%emt 0:00:01]} Kf8 {[%emt 0:00:00]} 42. c6 {[%emt 0:00:00]} Ke8 {[%emt 0:00:00]} 43. Nd7 {[%emt 0:00:01]} Kd8 {[%emt 0:00:00]} 44. Ne5 {[%emt 0:00:00]} Kc7 {[%emt 0:00:00]} 45. Nxf7 {[%emt 0:00:00]} Kxc6 {[%emt 0:00:00]} 46. Nxh6 {[%emt 0:00:00]} Kd6 {[%emt 0:00:00]} 47. Nf5+ {[%emt 0:00:00] Time Time Time (Lag: Av=0.53s, max=1.2s) (Lag: Av=0.53s, max=1.2s) (Lag: Av=0.53s, max=1.2s)} 1-0

[Event "Stay Safe Play From Home 392"]
[Site "Emanuel Lasker Arena"]
[Date "2020.08.18"]
[Round "1"]
[White "TheCHESSHOUSE"]
[Black "IceQueen"]
[Result "0-1"]
[WhiteElo "1957"]
[BlackElo "2354"]
[PlyCount "118"]
[EventDate "2020.08.18"]
[EventType "swiss (blitz)"]

1. d4 {[%emt 0:00:05]} c5 {[%emt 0:00:00]} 2. d5 {[%emt 0:00:02]} Nf6 {[%emt 0:00:00]} 3. Nc3 {[%emt 0:00:01]} e6 {[%emt 0:00:00]} 4. e4 {[%emt 0:00:02]} d6 {[%emt 0:00:00]} 5. Nf3 {[%emt 0:00:01]} a6 {[%emt 0:00:02]} 6. Be2 {[%emt 0:00:00]} b5 {[%emt 0:00:01]} 7. dxe6 {[%emt 0:00:03]} Bxe6 {[%emt 0:00:00]} 8. e5 {[%emt 0:00:01]} dxe5 {[%emt 0:00:04]} 9. Qxd8+ {[%emt 0:00:02]} Kxd8 {[%emt 0:00:00]} 10. Nxe5 {[%emt 0:00:00]} b4 {[%emt 0:00:00]} 11. Nd1 {[%emt 0:00:01]} Nbd7 {[%emt 0:00:01]} 12. Nxd7 {[%emt 0:00:04]} Nxd7 {[%emt 0:00:00]} 13. Be3 {[%emt 0:00:00]} Kc7 {[%emt 0:00:02]} 14. O-O {[%emt 0:00:00]} Bd6 {[%emt 0:00:01]} 15. c3 {[%emt 0:00:01]} a5 {[%emt 0:00:02]} 16. cxb4 {[%emt 0:00:02]} axb4 {[%emt 0:00:00]} 17. b3 {[%emt 0:00:01]} Bxb3 {[%emt 0:00:03]} 18. Nb2 {[%emt 0:00:04]} Rxa2 {[%emt 0:00:01]} 19. Rxa2 {[%emt 0:00:01]} Bxa2 {[%emt 0:00:00]} 20. Nc4 {[%emt 0:00:01]} Bxc4 {[%emt 0:00:03]} 21. Bxc4 {[%emt 0:00:00]} Ne5 {[%emt 0:00:00]} 22. Bd5 {[%emt 0:00:01]} Rd8 {[%emt 0:00:01]} 23. Be4 {[%emt 0:00:02]} f6 {[%emt 0:00:01]} 24. h3 {[%emt 0:00:01]} Kb6 {[%emt 0:00:05]} 25. Rb1 {[%emt 0:00:01]} Kc7 {[%emt 0:00:02]} 26. Rc1 {[%emt 0:00:01]} Nd7 {[%emt 0:00:00]} 27. Bxh7 {[%emt 0:00:02]} Re8 {[%emt 0:00:01]} 28. Bg6 {[%emt 0:00:01]} Ra8 {[%emt 0:00:02]} 29. Bf5 {[%emt 0:00:01]} Ra5 {[%emt 0:00:00]} 30. Bd3 {[%emt 0:00:02]} b3 {[%emt 0:00:01]} 31. Bc4 {[%emt 0:00:01]} b2 {[%emt 0:00:02]} 32. Rb1 {[%emt 0:00:01]} Ra1 {[%emt 0:00:00]} 33. Bd3 {[%emt 0:00:01]} c4 {[%emt 0:00:01]} 34. Bc2 {[%emt 0:00:00]} Be5 {[%emt 0:00:01]} 35. f4 {[%emt 0:00:01]} Bc3 {[%emt 0:00:01]} 36. Kf2 {[%emt 0:00:01]} Kd6 {[%emt 0:00:01]} 37. Ke2 {[%emt 0:00:01]} Nc5 {[%emt 0:00:00]} 38. Bd2 {[%emt 0:00:01]} Bxd2 {[%emt 0:00:02]} 39. Kxd2 {[%emt 0:00:00]} Kd5 {[%emt 0:00:00]} 40. Kc3 {[%emt 0:00:01]} Rxb1 {[%emt 0:00:01]} 41. Bxb1 {[%emt 0:00:01]} Na4+ {[%emt 0:00:01]} 42. Kc2 {[%emt 0:00:01]} Kd4 {[%emt 0:00:01]} 43. Ba2 {[%emt 0:00:00]} c3 {[%emt 0:00:01]} 44. g3 {[%emt 0:00:00]} Nc5 {[%emt 0:00:00]} 45. Bb1 {[%emt 0:00:01]} Ne4 {[%emt 0:00:00]} 46. g4 {[%emt 0:00:01]} Nf2 {[%emt 0:00:00]} 47. g5 {[%emt 0:00:00]} Nxh3 {[%emt 0:00:00]} 48. gxf6 {[%emt 0:00:00]} gxf6 {[%emt 0:00:00]} 49. f5 {[%emt 0:00:00]} Nf4 {[%emt 0:00:00]} 50. Kb3 {[%emt 0:00:00]} Nd5 {[%emt 0:00:00]} 51. Kc2 {[%emt 0:00:01]} Ne3+ {[%emt 0:00:00]} 52. Kb3 {[%emt 0:00:00]} Nf1 {[%emt 0:00:04]} 53. Bc2 {[%emt 0:00:01]} Nd2+ {[%emt 0:00:00]} 54. Ka2 {[%emt 0:00:01]} b1=Q+ {[%emt 0:00:01]} 55. Bxb1 {[%emt 0:00:00]} Nxb1 {[%emt 0:00:00]} 56. Kxb1 {[%emt 0:00:00]} Kd3 {[%emt 0:00:00] . . .} 57. Kc1 {[%emt 0:00:00]} c2 {[%emt 0:00:01]} 58. Kb2 {[%emt 0:00:01]} Kd2 {[%emt 0:00:00]} 59. Kb3 {[%emt 0:00:00]} c1=Q {[%emt 0:00:00] Time Time Time (Lag: Av=1.29s, max=12.0s) (Lag: Av=1.29s, max=12.0s) (Lag: Av=1.29s, max=12.0s)} 0-1

[Event "Stay Safe Play From Home 392"]
[Site "Emanuel Lasker Arena"]
[Date "2020.08.18"]
[Round "1"]
[White "SashaGrebeniuc"]
[Black "Stefanone"]
[Result "0-1"]
[WhiteElo "1097"]
[BlackElo "1940"]
[PlyCount "74"]
[EventDate "2020.08.18"]
[EventType "swiss (blitz)"]

1. e4 {[%emt 0:00:02]} e6 {[%emt 0:00:01]} 2. Nf3 {[%emt 0:00:01]} d5 {[%emt 0:00:00]} 3. exd5 {[%emt 0:00:02]} exd5 {[%emt 0:00:00]} 4. d4 {[%emt 0:00:02]} c6 {[%emt 0:00:00]} 5. Qe2+ {[%emt 0:00:01]} Qe7 {[%emt 0:00:02]} 6. Qxe7+ {[%emt 0:00:02]} Bxe7 {[%emt 0:00:01]} 7. Be2 {[%emt 0:00:01]} f5 {[%emt 0:00:01]} 8. Bf4 {[%emt 0:00:01]} Nf6 {[%emt 0:00:00]} 9. Nc3 {[%emt 0:00:01]} O-O {[%emt 0:00:01]} 10. Bxb8 {[%emt 0:00:01]} Rxb8 {[%emt 0:00:01]} 11. O-O {[%emt 0:00:01]} Ne4 {[%emt 0:00:01]} 12. Nxe4 {[%emt 0:00:02]} fxe4 {[%emt 0:00:00]} 13. Ne5 {[%emt 0:00:01]} Bf6 {[%emt 0:00:01]} 14. Ng4 {[%emt 0:00:02]} Bxd4 {[%emt 0:00:01]} 15. c3 {[%emt 0:00:02]} Bf6 {[%emt 0:00:02]} 16. Nxf6+ {[%emt 0:00:02]} Rxf6 {[%emt 0:00:00]} 17. h3 {[%emt 0:00:01]} Bf5 {[%emt 0:00:02]} 18. Rad1 {[%emt 0:00:04]} Rbf8 {[%emt 0:00:01]} 19. Rd2 {[%emt 0:00:03]} h6 {[%emt 0:00:01]} 20. Bh5 {[%emt 0:00:05]} Bc8 {[%emt 0:00:01]} 21. Bd1 {[%emt 0:00:02]} g5 {[%emt 0:00:01]} 22. Bh5 {[%emt 0:00:02]} Be6 {[%emt 0:00:02]} 23. Bg4 {[%emt 0:00:01]} Bxg4 {[%emt 0:00:01]} 24. hxg4 {[%emt 0:00:02]} Rf4 {[%emt 0:00:00]} 25. f3 {[%emt 0:00:02]} exf3 {[%emt 0:00:02]} 26. gxf3 {[%emt 0:00:01]} Rxf3 {[%emt 0:00:00]} 27. Rxf3 {[%emt 0:00:02]} Rxf3 {[%emt 0:00:00]} 28. Kg2 {[%emt 0:00:01]} Rf7 {[%emt 0:00:02]} 29. Rf2 {[%emt 0:00:01]} Rxf2+ {[%emt 0:00:01]} 30. Kxf2 {[%emt 0:00:01]} Kf7 {[%emt 0:00:00]} 31. Kf3 {[%emt 0:00:01]} Kf6 {[%emt 0:00:00]} 32. Kg3 {[%emt 0:00:01]} Ke5 {[%emt 0:00:01]} 33. Kf3 {[%emt 0:00:01]} c5 {[%emt 0:00:00]} 34. Ke3 {[%emt 0:00:01]} b5 {[%emt 0:00:00]} 35. Kf3 {[%emt 0:00:01]} a5 {[%emt 0:00:00]} 36. Ke3 {[%emt 0:00:01]} d4+ {[%emt 0:00:00]} 37. cxd4+ {[%emt 0:00:01]} cxd4+ {[%emt 0:00:00] Время Время Время (Lag: Av=0.54s, max=1.2s) (Lag: Av=0.54s, max=1.2s) (Lag: Av=0.54s, max=1.2s)} 0-1

[Event "Stay Safe Play From Home 392"]
[Site "Emanuel Lasker Arena"]
[Date "2020.08.18"]
[Round "2"]
[White "Mepe_Nika"]
[Black "Lamborghini"]
[Result "0-1"]
[WhiteElo "2402"]
[BlackElo "2354"]
[PlyCount "102"]
[EventDate "2020.08.18"]
[EventType "swiss (blitz)"]

1. d4 {[%emt 0:00:01]} Nf6 {[%emt 0:00:01]} 2. Bf4 {[%emt 0:00:01]} g6 {[%emt 0:00:00]} 3. e3 {[%emt 0:00:02]} Bg7 {[%emt 0:00:00]} 4. Nf3 {[%emt 0:00:00]} O-O {[%emt 0:00:00]} 5. h3 {[%emt 0:00:00]} d6 {[%emt 0:00:00]} 6. Be2 {[%emt 0:00:00]} Nbd7 {[%emt 0:00:00]} 7. O-O {[%emt 0:00:00]} c5 {[%emt 0:00:00]} 8. Bh2 {[%emt 0:00:00]} b6 {[%emt 0:00:01]} 9. c3 {[%emt 0:00:01]} Bb7 {[%emt 0:00:01]} 10. a4 {[%emt 0:00:01]} a6 {[%emt 0:00:01]} 11. Nbd2 {[%emt 0:00:01]} Rc8 {[%emt 0:00:01]} 12. Qb3 {[%emt 0:00:03]} Rc7 {[%emt 0:00:01]} 13. Rfc1 {[%emt 0:00:01]} Qa8 {[%emt 0:00:01]} 14. Qd1 {[%emt 0:00:01]} Rfc8 {[%emt 0:00:01]} 15. b4 {[%emt 0:00:01]} cxb4 {[%emt 0:00:01]} 16. cxb4 {[%emt 0:00:00]} Nd5 {[%emt 0:00:01]} 17. b5 {[%emt 0:00:04]} Nc3 {[%emt 0:00:02]} 18. Qf1 {[%emt 0:00:01]} a5 {[%emt 0:00:03]} 19. Nb3 {[%emt 0:00:06]} Nxe2+ {[%emt 0:00:02]} 20. Qxe2 {[%emt 0:00:00]} Bxf3 {[%emt 0:00:02]} 21. Qxf3 {[%emt 0:00:02]} Qxf3 {[%emt 0:00:01]} 22. gxf3 {[%emt 0:00:00]} Rc3 {[%emt 0:00:02]} 23. Rxc3 {[%emt 0:00:03]} Rxc3 {[%emt 0:00:00]} 24. Nd2 {[%emt 0:00:00]} f5 {[%emt 0:00:03]} 25. Kf1 {[%emt 0:00:01]} Kf7 {[%emt 0:00:01]} 26. Ke2 {[%emt 0:00:00]} e5 {[%emt 0:00:01]} 27. dxe5 {[%emt 0:00:01]} dxe5 {[%emt 0:00:01]} 28. Kd1 {[%emt 0:00:01]} Ke6 {[%emt 0:00:01]} 29. e4 {[%emt 0:00:04]} f4 {[%emt 0:00:01]} 30. Rc1 {[%emt 0:00:03]} Rxc1+ {[%emt 0:00:01]} 31. Kxc1 {[%emt 0:00:01]} Bf8 {[%emt 0:00:00]} 32. Kc2 {[%emt 0:00:02]} Bc5 {[%emt 0:00:00]} 33. Bg1 {[%emt 0:00:01]} g5 {[%emt 0:00:01]} 34. Nc4 {[%emt 0:00:01]} Nf6 {[%emt 0:00:03]} 35. Kd3 {[%emt 0:00:01]} Ne8 {[%emt 0:00:01]} 36. Kc3 {[%emt 0:00:01]} Nd6 {[%emt 0:00:01]} 37. Nxd6 {[%emt 0:00:01]} Kxd6 {[%emt 0:00:01]} 38. Kc4 {[%emt 0:00:00]} Ke6 {[%emt 0:00:01]} 39. Kd3 {[%emt 0:00:01]} h5 {[%emt 0:00:00]} 40. Kc4 {[%emt 0:00:01]} Kd6 {[%emt 0:00:01]} 41. Kd3 {[%emt 0:00:00]} Bb4 {[%emt 0:00:01]} 42. Kc4 {[%emt 0:00:01]} Be1 {[%emt 0:00:01]} 43. Bh2 {[%emt 0:00:04]} Bxf2 {[%emt 0:00:02]} 44. Kc3 {[%emt 0:00:01]} Kc5 {[%emt 0:00:01]} 45. Kb3 {[%emt 0:00:01]} Bd4 {[%emt 0:00:00]} 46. Ka3 {[%emt 0:00:02]} Kc4 {[%emt 0:00:01]} 47. h4 {[%emt 0:00:01]} gxh4 {[%emt 0:00:01]} 48. Ka2 {[%emt 0:00:02]} h3 {[%emt 0:00:00]} 49. Ka3 {[%emt 0:00:00]} h4 {[%emt 0:00:01]} 50. Ka2 {[%emt 0:00:00]} Kc3 {[%emt 0:00:01]} 51. Bxf4 {[%emt 0:00:00]} Kc4 {[%emt 0:00:00] Time Time Time (Lag: Av=0.40s, max=0.8s) (Lag: Av=0.40s, max=0.8s) (Lag: Av=0.40s, max=0.8s)} 0-1

[Event "Stay Safe Play From Home 392"]
[Site "Emanuel Lasker Arena"]
[Date "2020.08.18"]
[Round "2"]
[White "IceQueen"]
[Black "NTBT_DHS"]
[Result "0-1"]
[WhiteElo "2357"]
[BlackElo "2532"]
[PlyCount "118"]
[EventDate "2020.08.18"]
[EventType "swiss (blitz)"]

1. e4 {[%emt 0:00:01]} g6 {[%emt 0:00:00]} 2. d4 {[%emt 0:00:01]} Bg7 {[%emt 0:00:00]} 3. Nc3 {[%emt 0:00:00]} d6 {[%emt 0:00:00]} 4. Nf3 {[%emt 0:00:01]} Nf6 {[%emt 0:00:03]} 5. Bg5 {[%emt 0:00:00]} h6 {[%emt 0:00:01]} 6. Be3 {[%emt 0:00:01]} Ng4 {[%emt 0:00:01]} 7. Bc1 {[%emt 0:00:01]} Nc6 {[%emt 0:00:00]} 8. h3 {[%emt 0:00:01]} Nf6 {[%emt 0:00:00]} 9. Bc4 {[%emt 0:00:01]} O-O {[%emt 0:00:04]} 10. Qe2 {[%emt 0:00:01]} e5 {[%emt 0:00:01]} 11. dxe5 {[%emt 0:00:02]} dxe5 {[%emt 0:00:01]} 12. O-O {[%emt 0:00:01]} Nd4 {[%emt 0:00:00]} 13. Nxd4 {[%emt 0:00:01]} exd4 {[%emt 0:00:00]} 14. Nd5 {[%emt 0:00:00]} Be6 {[%emt 0:00:04]} 15. Nxf6+ {[%emt 0:00:01]} Qxf6 {[%emt 0:00:00]} 16. Bd3 {[%emt 0:00:01]} c5 {[%emt 0:00:01]} 17. f4 {[%emt 0:00:01]} Rfe8 {[%emt 0:00:00]} 18. e5 {[%emt 0:00:01]} Qe7 {[%emt 0:00:01]} 19. Qf3 {[%emt 0:00:01]} c4 {[%emt 0:00:02]} 20. Be4 {[%emt 0:00:01]} Rab8 {[%emt 0:00:02]} 21. Bd2 {[%emt 0:00:01]} b5 {[%emt 0:00:01]} 22. a3 {[%emt 0:00:01]} Qd7 {[%emt 0:00:05]} 23. Bb4 {[%emt 0:00:01]} Bf8 {[%emt 0:00:00]} 24. Bc6 {[%emt 0:00:01]} Qc7 {[%emt 0:00:03]} 25. Bxe8 {[%emt 0:00:00]} Rxe8 {[%emt 0:00:02]} 26. Qe4 {[%emt 0:00:01]} Bc5 {[%emt 0:00:04]} 27. Kh1 {[%emt 0:00:06]} Bf5 {[%emt 0:00:01]} 28. Qe2 {[%emt 0:00:01]} a5 {[%emt 0:00:01]} 29. Bxc5 {[%emt 0:00:01]} Qxc5 {[%emt 0:00:00]} 30. g4 {[%emt 0:00:02]} Be6 {[%emt 0:00:01]} 31. Rad1 {[%emt 0:00:01]} b4 {[%emt 0:00:01]} 32. axb4 {[%emt 0:00:01]} axb4 {[%emt 0:00:00]} 33. Qf2 {[%emt 0:00:00]} Rd8 {[%emt 0:00:01]} 34. f5 {[%emt 0:00:01]} Bd5+ {[%emt 0:00:01]} 35. Kh2 {[%emt 0:00:00]} g5 {[%emt 0:00:01]} 36. e6 {[%emt 0:00:02]} Bc6 {[%emt 0:00:04]} 37. exf7+ {[%emt 0:00:02]} Kxf7 {[%emt 0:00:00]} 38. Qg3 {[%emt 0:00:10]} Qd6 {[%emt 0:00:00]} 39. Qxd6 {[%emt 0:00:01]} Rxd6 {[%emt 0:00:00]} 40. Rde1 {[%emt 0:00:00]} c3 {[%emt 0:00:01]} 41. b3 {[%emt 0:00:01]} d3 {[%emt 0:00:01]} 42. cxd3 {[%emt 0:00:01]} Bd5 {[%emt 0:00:00]} 43. f6 {[%emt 0:00:00]} Bxb3 {[%emt 0:00:01]} 44. Re7+ {[%emt 0:00:01]} Kf8 {[%emt 0:00:00]} 45. Rc7 {[%emt 0:00:01]} Rd8 {[%emt 0:00:03]} 46. Rh7 {[%emt 0:00:02]} Bg8 {[%emt 0:00:01]} 47. Rxh6 {[%emt 0:00:00]} c2 {[%emt 0:00:01]} 48. f7 {[%emt 0:00:00]} Bxf7 {[%emt 0:00:01]} 49. Rhf6 {[%emt 0:00:00]} Rd7 {[%emt 0:00:01]} 50. Rc1 {[%emt 0:00:00]} b3 {[%emt 0:00:00]} 51. Rb6 {[%emt 0:00:00]} Re7 {[%emt 0:00:00]} 52. h4 {[%emt 0:00:00]} Re2+ {[%emt 0:00:00]} 53. Kg3 {[%emt 0:00:00]} Kg7 {[%emt 0:00:00]} 54. hxg5 {[%emt 0:00:01]} Bd5 {[%emt 0:00:00]} 55. Kh4 {[%emt 0:00:00]} Re3 {[%emt 0:00:00]} 56. Rb5 {[%emt 0:00:00]} Bg2 {[%emt 0:00:00]} 57. g6 {[%emt 0:00:00]} Rh3+ {[%emt 0:00:00]} 58. Kg5 {[%emt 0:00:00]} Re3 {[%emt 0:00:00]} 59. Rb7+ {[%emt 0:00:00]} Bxb7 {[%emt 0:00:01] Time Time Time (Lag: Av=0.79s, max=2.4s) (Lag: Av=0.79s, max=2.4s) (Lag: Av=0.79s, max=2.4s)} 0-1